| 000 | 00850nam a2200241 4500 | ||
|---|---|---|---|
| 010 | _aA-943208 | ||
| 020 | _a8175340991 | ||
| 035 | _aA-943208 | ||
| 037 | _bCen Lib / Ret | ||
| 040 |
_aDPL _bEN |
||
| 082 |
_a343.07 _bMAL |
||
| 100 | _aMalhotra, O. P. | ||
| 245 |
_aThe law of industrial disputes : _bthe Industrial Disputes Act, 1947 / _cby O. P. Malhotra |
||
| 250 | _a5th ed | ||
| 260 |
_aDelhi _bUniversal Law Publishing Co. _c1998 |
||
| 270 |
_aC-FF-1A, Ansari Dilkhush Industrial Estate _bDelhi _e110033 |
||
| 300 |
_a(v 1. 882 ; v 2.xxvii, 883-2020p) _c27cm(Hb) |
||
| 505 | _av 1 the Industrial Disputes Act, 1947 ; v 2. the Industrial Disputes Act, 1947 | ||
| 650 | _aLabor laws and legislation -- India. | ||
| 650 | _aLabor disputes -- India. | ||
| 650 | _aLabor disputes. | ||
| 942 |
_2ddc _cEN _h343.07 _mMAL |
||
| 999 |
_c136857 _d136857 |
||